1175 1567 1120 1884 1634 1146 1175 1159 1330 1613 1246 1326 1966 1088 1247 1321 1890 1540 1380 1742 1857 1488 1370 1131 1833 1610 1938 1279 1614 1050 1271 1283 1260 1171 1247 1654 1801 1137 1790 1873 1014 1701 1417 1856 1348 1893 1277 1782 2000 1177 1866 1351 1973 1839 1757 1384 1193 1723 1065 1642 1484 1034 1710 1298 1769 1956 1306 1302 1795 1041 1852 1322 1511 1656 1624 1991 1832 1869 1841 1251 1643 1244 1513 1227 1687 1859 1695 1583 1227 1782 1536 1959 1798 1911 1996 1248 1369 1587 1038 BCNSPRNW ULIB Ver.6.0+V

เปลี่ยนเป็นภาษาไทย

Change to English
 แสดงรายละเอียดบรรณานุกรม
  กลับหน้าหลัก

Brief Record : Get Marc (ISO 2709) : E-mail record : QR code < ปิดหน้าต่าง
LEADER : 00000nam a2200000Ia 4500
001    13399126043
003     ULIB
008    170421s2560 th 000 0 tha d
020    ^a9786165470889
040    ^absc
050  4 ^aPE1128^bส779cu
100 0  ^aสุทิน พูลสวัสดิ์
245 10 ^aCU-TEP reading :^bภาษาอังกฤษเข้าจุฬาลงกรณ์มหาวิทยาลัย /^cSutinPoolsawad
246 30 ^aภาษาอังกฤษเข้าจุฬาลงกรณ์มหาวิทยาลัย
246 31 ^aBest test preparation for CU-TEP : CU-TEP reading
250    ^aพิมพ์ครั้งที่ 4
260    ^aกรุงเทพฯ :^bศูนย์หนังสือ ที.จี.อาร์.อี.,^c2560
300    ^a327 หน้า ;^c26 ซม.
610 24 ^aจุฬาลงกรณ์มหาวิทยาลัย^xการสอบคัดเลือก^xข้อสอบและเฉลย
650  0 ^aEnglish language^xExaminations
650  0 ^aEnglish language^vExaminations, questions, etc.
650  0 ^aReading comprehension
650  4 ^aภาษาอังกฤษ^xการสอบ
650  4 ^aภาษาอังกฤษ^vข้อสอบและเฉลย
650  4 ^aความเข้าใจในการอ่าน
700 0  ^aSutin Poolsawad
910    ^aSend to UC
945    ^p325^l0^i25839
995    ^aกัณชพร
999    ^aกัณชพร
รายการนี้ยังไม่มีแท็ก
คุณยังไม่ได้ล็อกอิน คุณสามารถมีกิจกรรมร่วมกับเว็บไซต์ได้ แต่ต้องล็อกอินก่อน ::
  ล็อกอิน

รายการสื่อสารสนเทศ

ลำดับที่ ประเภท เลขเรียก/บาร์โค้ด สถานที่ สถานะ
1. วิทยาศาสตร์การแพทย์ และสุขภาพ
วิทยาศาสตร์การแพทย์ และสุขภาพ
PE1128 ส779cu ฉ.1 
  Barcode: 25839
ห้องสมุดวิทยาเขตสวรรค์ประชารักษ์
►หนังสือทั่วไป
บนชั้น

รายการใกล้เคียง
    ผู้แต่ง [สุทิน พูลสวัสดิ์]

    หัวเรื่อง [Reading comprehension]
    หัวเรื่อง [ความเข้าใจในการอ่าน]

BibComment


ยังไม่เคยถูกคอมเมนท์

คอมเมนท์ทรัพยากรรายการนี้
  คอมเมนท์: CUTEP reading ภ..


 Copyright 2026. Bcnsprnw @Library